[Event "Rio de Janeiro Duchamp op 4th"]
[Site "Rio de Janeiro"]
[Date "2022.12.09"]
[Round "3"]
[White "Bezerra, Natacio Goncalves"]
[Black "Maia, Erick de Figueiredo"]
[Result "1-0"]
[WhiteElo "1988"]
[BlackElo "1727"]
[PlyCount "129"]
[EventDate "2022.12.07"]
[EventType "swiss"]
[EventRounds "9"]
[EventCountry "BRA"]
[SourceTitle "CBM 211 Extra"]
[Source "ChessBase"]
[SourceDate "2023.01.31"]
[SourceVersion "1"]
[SourceVersionDate "2023.01.31"]
[SourceQuality "1"]

1. e4 c5 2. Nf3 e6 3. g3 a6 4. Bg2 b5 5. 0-0 Bb7 6. Re1 d6 7. d4 cxd4 8. Nxd4 Qc7 9. a4 bxa4 10. c3 e5 11. Nf5 g6 12. Ne3 Nf6 13. Nd5 Nxd5 14. exd5 Bg7 15. Qxa4+ Nd7 16. Na3 0-0 17. Be3 f5 18. Nc2 Rab8 19. Qa5 Qc8 20. Nb4 f4 21. Bb6 Nxb6 22. Qxb6 fxg3 23. hxg3 Rf6 24. Re2 Qc4 25. Rae1 Qb5 26. Qxb5 axb5 27. Ra1 Ra8 28. Rxa8+ Bxa8 29. Re1 Rf8 30. Ra1 Bh6 31. Nc6 Bd2 32. Rd1 Bg5 33. Bf1 e4 34. Bxb5 e3 35. f4 Bf6 36. Re1 Re8 37. Re2 g5 38. Kg2 gxf4 39. gxf4 Bh4 40. Kf3 Bf2 41. Bc4 Bb7 42. Nb4 Bc8 43. Nd3 Rf8 44. Nxf2 exf2 45. Rxf2 Kf7 46. b3 h5 47. Ke3 Re8+ 48. Kd4 Bf5 49. Bd3 Bg4 50. c4 Rb8 51. Kc3 Kf6 52. Be2 Kf5 53. Bd3+ Kf6 54. b4 Ra8 55. c5 h4 56. c6 h3 57. b5 Ra3+ 58. Kd4 Rb3 59. Kc4 Ra3 60. b6 Ra4+ 61. Kb5 Ra3 62. Bc4 Ra1 63. b7 Rb1+ 64. Ka6 Ra1+ 65. Kb6 1-0

[Event "Rio de Janeiro Duchamp op 4th"]
[Site "Rio de Janeiro"]
[Date "2022.12.07"]
[Round "1"]
[White "Piasetski, Leon David"]
[Black "Maia, Erick de Figueiredo"]
[Result "1-0"]
[WhiteElo "2198"]
[BlackElo "1727"]
[PlyCount "81"]
[EventDate "2022.12.07"]
[EventType "swiss"]
[EventRounds "9"]
[EventCountry "BRA"]
[SourceTitle "CBM 211 Extra"]
[Source "ChessBase"]
[SourceDate "2023.01.31"]
[SourceVersion "1"]
[SourceVersionDate "2023.01.31"]
[SourceQuality "1"]

1. Nf3 Nf6 2. c4 c5 3. Nc3 Nc6 4. d4 cxd4 5. Nxd4 Nxd4 6. Qxd4 g6 7. e4 d6 8. Bg5 Bg7 9. f3 Be6 10. Rc1 h6 11. Be3 0-0 12. Qd2 Kh7 13. Be2 Nd7 14. Nb5 Nb6 15. 0-0 Rc8 16. b3 a6 17. Nd4 Bd7 18. Rfd1 Na8 19. f4 Nc7 20. Nf3 Bc6 21. Qc2 Qe8 22. f5 gxf5 23. exf5 Bf6 24. Nd4 Rg8 25. Bf1 Bd7 26. Qe4 Bc6 27. Qf4 Bg5 28. Qf2 Bf6 29. Rc2 Be4 30. Re2 Bc6 31. Bf4 Qf8 32. Rd3 Qg7 33. Nxc6 bxc6 34. Rh3 Bg5 35. Bxg5 Qxg5 36. Re4 Qf6 37. Qe3 e5 38. Reh4 Kg7 39. Rxh6 Qxf5 40. Rf3 Qb1 41. Rg3+ 1-0

[Event "Rio de Janeiro Padua Memorial 2nd"]
[Site "Rio de Janeiro"]
[Date "2017.10.15"]
[Round "5"]
[White "Maia, Erick de Figueiredo"]
[Black "Gomes, Pedro Pessoa"]
[Result "1/2-1/2"]
[WhiteElo "1667"]
[BlackElo "1585"]
[PlyCount "67"]
[EventDate "2017.10.12"]
[EventType "swiss"]
[EventRounds "6"]
[EventCountry "BRA"]
[SourceTitle "CBM 181 Extra"]
[Source "ChessBase"]
[SourceDate "2017.12.12"]
[SourceVersion "1"]
[SourceVersionDate "2017.12.12"]
[SourceQuality "1"]

1. e4 c5 2. d4 cxd4 3. c3 d3 4. Bxd3 g6 5. c4 Bg7 6. Nc3 Nc6 7. Nf3 a6 8. Qe2 d6 9. h3 Nf6 10. Be3 0-0 11. 0-0 Nd7 12. Rac1 Nde5 13. Nxe5 Nxe5 14. Bc2 Bd7 15. Nd5 b5 16. Bb6 Qb8 17. Nxe7+ Kh8 18. Nd5 bxc4 19. f4 Nd3 20. Bxd3 cxd3 21. Qxd3 Bb5 22. Qe3 Bxf1 23. Nc7 Bb5 24. Nxa8 Qxa8 25. Rc7 d5 26. e5 Kg8 27. Bc5 Rc8 28. Ra7 Qc6 29. Bd6 Qc2 30. e6 Qc1+ 31. Qxc1 Rxc1+ 32. Kh2 fxe6 33. Ra8+ Kf7 34. Ra7+ 1/2-1/2

[Event "Rio de Janeiro Padua Memorial 2nd"]
[Site "Rio de Janeiro"]
[Date "2017.10.12"]
[Round "2"]
[White "Mendes, Rodrigo Machado"]
[Black "Maia, Erick de Figueiredo"]
[Result "1-0"]
[WhiteElo "2024"]
[BlackElo "1667"]
[PlyCount "71"]
[EventDate "2017.10.12"]
[EventType "swiss"]
[EventRounds "6"]
[EventCountry "BRA"]
[SourceTitle "CBM 181 Extra"]
[Source "ChessBase"]
[SourceDate "2017.12.12"]
[SourceVersion "1"]
[SourceVersionDate "2017.12.12"]
[SourceQuality "1"]

1. Nf3 d5 2. g3 Nf6 3. Bg2 Nbd7 4. d4 c5 5. 0-0 e6 6. c3 Bd6 7. Nbd2 0-0 8. b3 Re8 9. Bb2 e5 10. dxe5 Nxe5 11. Nxe5 Bxe5 12. Nf3 Bc7 13. Qc2 Qe7 14. Rfe1 Ne4 15. Rad1 Rd8 16. c4 d4 17. Nxd4 Nxf2 18. Kxf2 cxd4 19. Bxd4 Rxd4 20. Rxd4 Bb6 21. e3 Bxd4 22. exd4 Qf6+ 23. Kg1 Qxd4+ 24. Kh1 g6 25. Rd1 Qf6 26. Qe4 Bd7 27. Qxb7 Rd8 28. Qxa7 Kg7 29. Qd4 Qxd4 30. Rxd4 Re8 31. Rxd7 Re1+ 32. Bf1 Rxf1+ 33. Kg2 Rb1 34. Rd2 Kf6 35. c5 Ke5 36. Rc2 1-0